[Event "21st TCh-RUS 2014"]
[Site "Loo RUS"]
[Date "2014.04.12"]
[Round "6.4"]
[Board "2"]
[White "Goganov, Aleksey"]
[Black "Shomoev, Anton"]
[Result "1-0"]
[WhiteTitle "GM"]
[BlackTitle "GM"]
[WhiteElo "2587"]
[BlackElo "2587"]
[WhiteTeam "SDYUSSHOR SHSH Chigorin Chess Club"]
[BlackTeam "Polytechnic (Nizhny Tagil)"]
[WhiteFideId "24109959"]
[BlackFideId "4135148"]
[EventDate "2014.04.07"]

1. g3 d5 2. Nf3 g6 3. Bg2 Bg7 4. d4 Nf6 5. O-O O-O 6. Nbd2 Bf5 7. c4 c6 8. b3
Ne4 9. Bb2 Nd7 10. e3 a5 11. Nh4 Nxd2 12. Qxd2 Be6 13. cxd5 cxd5 14. Rfc1 Nf6
15. Qd3 a4 16. Ba3 Ne4 17. Nf3 axb3 18. Qxb3 Bf6 19. Ne5 Qa5 20. Bb4 Qb6 21. Nd3
Rfc8 22. Nf4 Rc4 23. Rxc4 dxc4 24. Qb1 Ng5 25. h4 Bf5 26. Nd5 Qe6 27. Qe1 Ne4
28. Nc7 Qc8 29. Nxa8 Qxa8 30. a4 h5 31. f3 Nd6 32. Bc3 Bd3 33. e4 Qa7 34. e5 1-0

[Event "21st TCh-RUS 2014"]
[Site "Loo RUS"]
[Date "2014.04.12"]
[Round "6.4"]
[Board "3"]
[White "Kokarev, Dmitry"]
[Black "Rozum, Ivan"]
[Result "1/2-1/2"]
[WhiteTitle "GM"]
[BlackTitle "IM"]
[WhiteElo "2621"]
[BlackElo "2532"]
[WhiteTeam "Polytechnic (Nizhny Tagil)"]
[BlackTeam "SDYUSSHOR SHSH Chigorin Chess Club"]
[WhiteFideId "4132181"]
[BlackFideId "24104272"]
[EventDate "2014.04.07"]

1. e4 c6 2. d4 d5 3. Nc3 dxe4 4. Nxe4 Bf5 5. Ng3 Bg6 6. h4 h6 7. Nf3 Nd7 8. h5
Bh7 9. Bd3 Bxd3 10. Qxd3 e6 11. Bd2 Ngf6 12. O-O-O Be7 13. Kb1 Rc8 14. Ne4 c5
15. Nxf6+ Nxf6 16. Qb5+ Qd7 17. Qxd7+ Nxd7 18. Be3 Nf6 19. Ne5 Nd5 20. Bc1 Bf6
21. c4 Ne7 22. Bf4 cxd4 23. Rxd4 Nf5 24. Re4 Nd6 25. Rd4 Nf5 26. Re4 Nd6 27. Rd4
Nf5 28. Re4 Nd6 29. Rd4 Nf5 30. Re4 Nd6 31. Rd4 Nf5 32. Re4 Nd6 1/2-1/2

[Event "21st TCh-RUS 2014"]
[Site "Loo RUS"]
[Date "2014.04.12"]
[Round "6.4"]
[Board "4"]
[White "Makarov, Marat"]
[Black "Maletin, Pavel"]
[Result "0-1"]
[WhiteTitle "GM"]
[BlackTitle "GM"]
[WhiteElo "2511"]
[BlackElo "2582"]
[WhiteTeam "SDYUSSHOR SHSH Chigorin Chess Club"]
[BlackTeam "Polytechnic (Nizhny Tagil)"]
[WhiteFideId "4101103"]
[BlackFideId "4146786"]
[EventDate "2014.04.07"]

1. d4 Nf6 2. Nf3 g6 3. c4 Bg7 4. g3 c6 5. Bg2 d5 6. Nbd2 O-O 7. O-O Bf5 8. b3
Nbd7 9. Bb2 b5 10. cxb5 cxb5 11. Nh4 Be6 12. a4 b4 13. a5 Rc8 14. Ra4 Nb8 15.
Rxb4 Bd7 16. Ndf3 Qxa5 17. Rb7 Qa6 18. Rb4 Bb5 19. e3 Nc6 20. Rxb5 Qxb5 21. Nd2
Nb4 22. Ba3 Rc7 23. Nhf3 Rfc8 24. Ne5 e6 25. Bxb4 Qxb4 26. Nd3 Qb5 27. Nc5 a5
28. Nb1 Nd7 29. Nc3 Qc6 30. N5a4 Qb7 31. Nb1 Qb4 32. Nd2 Rc1 33. Qe2 R8c2 34.
Rxc1 Rxc1+ 35. Nf1 Qxb3 36. Qd2 Rxf1+ 0-1

[Event "21st TCh-RUS 2014"]
[Site "Loo RUS"]
[Date "2014.04.12"]
[Round "6.4"]
[Board "5"]
[White "Vokarev, Sergey"]
[Black "Ionov, Sergey"]
[Result "1/2-1/2"]
[WhiteTitle "GM"]
[BlackTitle "GM"]
[WhiteElo "2468"]
[BlackElo "2538"]
[WhiteTeam "Polytechnic (Nizhny Tagil)"]
[BlackTeam "SDYUSSHOR SHSH Chigorin Chess Club"]
[WhiteFideId "4119711"]
[BlackFideId "4100875"]
[EventDate "2014.04.07"]

1. e4 e6 2. d4 d5 3. exd5 exd5 4. Nf3 Bd6 5. c4 Nf6 6. Nc3 dxc4 7. Bxc4 O-O 8.
O-O Nc6 9. Bg5 h6 10. Bh4 Bg4 11. Bb5 Bxf3 12. Qxf3 Nxd4 13. Qxb7 Rb8 14. Qa6
Nf5 15. Bg3 Nxg3 16. hxg3 Ng4 17. Ne4 Rb6 18. Qa4 Nf6 19. Nxd6 cxd6 20. b3 Qb8
21. Bd3 Re8 22. Rfe1 Re5 23. Rac1 Rxe1+ 24. Rxe1 Rb7 25. Qc6 g6 26. Rc1 Kg7 27.
Qc8 Qxc8 28. Rxc8 d5 29. Kf1 Nd7 30. Ke2 Ne5 31. Rc5 Rd7 32. Bb5 Rd6 33. f4 Ng4
34. Rc6 Re6+ 35. Kd2 Re7 36. Be2 Nf6 37. Bf3 Ne4+ 38. Bxe4 dxe4 39. Ra6 Rd7+ 40.
Ke2 f5 41. b4 Rb7 42. a3 h5 43. Ra5 Kh6 44. b5 h4 45. gxh4 Kh5 46. a4 Kxh4 47.
Ra6 g5 48. Rf6 gxf4 49. Rxf5 Kg4 50. Re5 e3 51. Re8 Rg7 52. a5 Kf5 53. Rf8+ Ke4
54. Re8+ Kf5 55. Rf8+ Ke4 56. Re8+ 1/2-1/2

[Event "21st TCh-RUS 2014"]
[Site "Loo RUS"]
[Date "2014.04.12"]
[Round "6.4"]
[Board "6"]
[White "Usmanov, Vasily"]
[Black "Pogromsky, Mikhail"]
[Result "0-1"]
[BlackTitle "IM"]
[WhiteElo "2416"]
[BlackElo "2418"]
[WhiteTeam "SDYUSSHOR SHSH Chigorin Chess Club"]
[BlackTeam "Polytechnic (Nizhny Tagil)"]
[WhiteFideId "4135741"]
[BlackFideId "4184688"]
[EventDate "2014.04.07"]

1. Nf3 Nf6 2. g3 b6 3. Bg2 Bb7 4. O-O e6 5. c4 Be7 6. Nc3 O-O 7. Re1 Ne4 8. Nxe4
Bxe4 9. d3 Bb7 10. e4 c5 11. d4 cxd4 12. Nxd4 Nc6 13. Nb5 d6 14. Be3 a6 15. Nc3
Ne5 16. b3 Qc7 17. Rc1 Rac8 18. Qe2 Nd7 19. Red1 Qb8 20. f4 Rfe8 21. Bf2 Bc6 22.
a4 Nc5 23. Qc2 a5 24. Re1 Qb7 25. Rcd1 Rcd8 26. Nb5 Bxb5 27. axb5 Qc7 28. Rd2
Bf6 29. Red1 g6 30. Be3 h5 31. Bf3 Qe7 32. Kg2 Bg7 33. h3 Bf6 34. g4 hxg4 35.
hxg4 g5 36. e5 dxe5 37. fxe5 Bxe5 38. Bc6 Rf8 39. Rh1 Rxd2+ 40. Bxd2 Rd8 41.
Qh7+ Kf8 42. Be3 Qf6 43. Rf1 Bf4 44. Bxc5+ bxc5 45. Rf2 Qc3 46. Bf3 Qxb3 47.
Qh8+ Ke7 48. Qa1 a4 49. b6 Rd2 50. Rxd2 Bxd2 51. b7 Bf4 52. Qg1 Qxc4 53. Qb1 Qb4
54. Qd3 a3 55. Bc6 a2 56. Qd7+ Kf6 57. Qd8+ Kg7 0-1

[Event "21st TCh-RUS 2014"]
[Site "Loo RUS"]
[Date "2014.04.12"]
[Round "6.5"]
[Board "1"]
[White "Prizant, Jaroslav"]
[Black "Grishchenko, Sergey1"]
[Result "0-1"]
[WhiteTitle "IM"]
[BlackTitle "FM"]
[WhiteElo "2521"]
[BlackElo "2436"]
[WhiteTeam "Moscow region"]
[BlackTeam "Atom (Desnogorsk)"]
[WhiteFideId "4140664"]
[BlackFideId "4136730"]
[EventDate "2014.04.07"]

1. d4 Nf6 2. c4 e6 3. g3 c5 4. d5 exd5 5. cxd5 d6 6. Nc3 g6 7. Bg2 Bg7 8. Nf3
O-O 9. O-O a6 10. a4 Nbd7 11. h3 Qe7 12. Nd2 Rb8 13. Nc4 Ne5 14. Na3 Nh5 15. f4
b5 16. axb5 axb5 17. Naxb5 Nxg3 18. fxe5 Bxe5 19. Rf3 Bd7 20. Ra7 Qd8 21. Na3
Rb4 22. Nc2 Bf5 23. Nxb4 cxb4 24. Na4 Qh4 25. Be3 Bxh3 26. Rc7 Qg4 27. Rf2 Ne4
28. Qf1 Qg3 29. Bf4 Bxf4 0-1

[Event "21st TCh-RUS 2014"]
[Site "Loo RUS"]
[Date "2014.04.12"]
[Round "6.5"]
[Board "2"]
[White "Baghdasaryan, Vahe"]
[Black "Chernobay, Artem"]
[Result "1-0"]
[WhiteTitle "IM"]
[BlackTitle "GM"]
[WhiteElo "2359"]
[BlackElo "2501"]
[WhiteTeam "Atom (Desnogorsk)"]
[BlackTeam "Moscow region"]
[WhiteFideId "13303139"]
[BlackFideId "4167406"]
[EventDate "2014.04.07"]

1. e4 c6 2. d4 d5 3. e5 Bf5 4. h4 h6 5. g4 Bd7 6. Nc3 c5 7. dxc5 e6 8. Be3 h5 9.
gxh5 Nh6 10. Nb5 Nf5 11. Nd6+ Bxd6 12. cxd6 Nxe3 13. fxe3 Nc6 14. Nf3 Qb6 15.
Rg1 Nxe5 16. Nxe5 Qxe3+ 17. Qe2 Qxg1 18. O-O-O Qc5 19. Qf3 Rf8 20. Qg3 Qxd6 21.
Qxg7 Qe7 22. h6 Qxh4 23. h7 O-O-O 24. Bd3 a6 25. Rf1 Bb5 26. Nxf7 Kb8 27. Qe5+
Ka7 28. Nxd8 Rxd8 29. Bxb5 axb5 30. Qf6 Qh3 31. Rf3 Qh1+ 32. Kd2 Qh2+ 33. Rf2
Qb8 34. Qd4+ Ka6 35. Re2 b6 36. Qe5 Qa8 37. Re3 b4 38. Rh3 Rh8 39. Qxe6 Qf8 40.
Rh6 Qd8 41. Kd1 Rf8 42. Qd6 Rf1+ 43. Ke2 Qxd6 44. Rxd6 Rh1 45. Rd7 Rh3 46. Kf2
Kb5 47. Rc7 d4 48. Kg2 Rh6 49. Kg3 b3 50. axb3 Kb4 51. Kg4 1-0

[Event "21st TCh-RUS 2014"]
[Site "Loo RUS"]
[Date "2014.04.12"]
[Round "6.5"]
[Board "3"]
[White "Nozdrachev, Vladislav"]
[Black "Simonian, Tigran"]
[Result "1-0"]
[WhiteTitle "IM"]
[BlackTitle "IM"]
[WhiteElo "2491"]
[BlackElo "2427"]
[WhiteTeam "Moscow region"]
[BlackTeam "Atom (Desnogorsk)"]
[WhiteFideId "24113441"]
[BlackFideId "13303597"]
[EventDate "2014.04.07"]

1. e4 c5 2. Nf3 Nc6 3. Bb5 e6 4. O-O Nge7 5. c3 a6 6. Ba4 b5 7. Bc2 Bb7 8. Qe2
Rc8 9. d4 cxd4 10. cxd4 Nb4 11. Bb3 Ng6 12. d5 a5 13. Nc3 Bc5 14. a3 Na6 15.
Qxb5 Qb6 16. Bd2 O-O 17. Qxb6 Bxb6 18. Na4 Bc7 19. Rfc1 exd5 20. Bxd5 Bxd5 21.
exd5 Nf4 22. Rxc7 Rxc7 23. Bxf4 Rc4 24. Bd6 Rxa4 25. Bxf8 Kxf8 26. d6 f6 27. Rc1
Kf7 28. Rc8 Ke6 29. h4 Kxd6 30. Rg8 g6 31. Rh8 Nc5 32. Rxh7 Nd3 33. Rg7 Rg4 34.
g3 Nxb2 35. Nh2 Rd4 36. Rxg6 Ke7 37. h5 Rd5 38. h6 Rh5 39. g4 Rh3 40. Kg2 Nd3
41. Rg7+ 1-0

[Event "21st TCh-RUS 2014"]
[Site "Loo RUS"]
[Date "2014.04.12"]
[Round "6.5"]
[Board "4"]
[White "Shahinyan, David"]
[Black "Iljiushenok, Ilia"]
[Result "1-0"]
[WhiteTitle "FM"]
[WhiteElo "2362"]
[BlackElo "2429"]
[WhiteTeam "Atom (Desnogorsk)"]
[BlackTeam "Moscow region"]
[WhiteFideId "13304380"]
[BlackFideId "24105074"]
[EventDate "2014.04.07"]

1. Nf3 d5 2. g3 Nc6 3. d4 Bf5 4. Bg2 Nb4 5. Na3 e6 6. c3 Na6 7. Nc2 Be7 8. O-O
h6 9. Ne5 Nf6 10. Ne3 Bh7 11. f4 O-O 12. f5 Bd6 13. Qb3 Rb8 14. Nxf7 Rxf7 15.
fxe6 Rf8 16. Nxd5 Nxd5 17. Rxf8+ Qxf8 18. Qxd5 Qe7 19. e4 c6 20. Qc4 Re8 21. d5
Nc5 22. Be3 cxd5 23. exd5 Kh8 24. b4 Nd3 25. Rf1 Ne5 26. Qd4 b6 27. Bf4 Qc7 28.
Re1 Nc4 29. Bf1 Bxf4 30. Qxf4 Qxf4 31. gxf4 Nd6 32. c4 Rc8 33. Kf2 Kg8 34. Ke3
Nxc4+ 35. Kd4 Nd6 36. Ke5 Rd8 37. Rc1 Nf5 38. Rc7 Ne3 39. Rd7 Rc8 40. Ba6 Re8
41. e7 Ng4+ 42. Kd4 Nf6 43. Rd8 Kf7 44. d6 Bf5 45. Bb5 Rxe7 46. dxe7 Kxe7 47.
Ra8 Kd6 48. Rxa7 Nh5 49. Rb7 Nxf4 50. Rxb6+ Kc7 51. Rc6+ Kb7 52. Ke5 Ng6+ 53.
Kxf5 Ne7+ 54. Ke6 Nxc6 55. Bxc6+ 1-0

[Event "21st TCh-RUS 2014"]
[Site "Loo RUS"]
[Date "2014.04.12"]
[Round "6.5"]
[Board "5"]
[White "Klyuev, Alexander S."]
[Black "Pogosian, Georgy"]
[Result "1-0"]
[BlackTitle "FM"]
[WhiteElo "2260"]
[BlackElo "2241"]
[WhiteTeam "Moscow region"]
[BlackTeam "Atom (Desnogorsk)"]
[WhiteFideId "4194250"]
[BlackFideId "4119088"]
[EventDate "2014.04.07"]

1. d4 Nf6 2. c4 e6 3. Nf3 Bb4+ 4. Nbd2 O-O 5. a3 Be7 6. g3 c5 7. Bg2 cxd4 8.
Nxd4 d5 9. cxd5 exd5 10. O-O Nc6 11. N2f3 Re8 12. b3 Bc5 13. Bb2 Qe7 14. Re1 Bg4
15. h3 Bd7 16. e3 a6 17. Ne2 Rad8 18. Bxf6 Qxf6 19. Qxd5 Ba7 20. Qg5 Qb2 21. b4
h6 22. Qh5 Ne5 23. Nxe5 Rxe5 24. Qh4 Rde8 25. Qc4 Rc8 26. Ra2 Rxc4 27. Rxb2 b5
28. Rd1 Be8 29. Bb7 a5 30. bxa5 Ra4 31. a6 Rxa3 32. Nd4 Kf8 33. Rdb1 Ra5 34. Rc2
Ra4 35. Rc8 Ke7 36. Rxe8+ Kxe8 37. Nc6 1-0

[Event "21st TCh-RUS 2014"]
[Site "Loo RUS"]
[Date "2014.04.12"]
[Round "6.5"]
[Board "6"]
[White "Parfenov, Viktor N."]
[Black "Ofitserian, Boris"]
[Result "1-0"]
[WhiteElo "2194"]
[BlackElo "2109"]
[WhiteTeam "Atom (Desnogorsk)"]
[BlackTeam "Moscow region"]
[WhiteFideId "4165969"]
[BlackFideId "24199443"]
[EventDate "2014.04.07"]

1. d4 Nf6 2. c4 g6 3. Nc3 Bg7 4. e4 d6 5. Bg5 O-O 6. Qd2 Nc6 7. d5 Nb4 8. h3 c6
9. Nf3 e6 10. Be2 cxd5 11. cxd5 exd5 12. exd5 Qa5 13. Rd1 Re8 14. a3 Na6 15. O-O
Qb6 16. b4 Bd7 17. Bd3 Nc7 18. Be3 Rxe3 19. Qxe3 Qxe3 20. fxe3 Nfxd5 21. Nxd5
Nxd5 22. Be4 Nxe3 23. Rxd6 Nxf1 24. Rxd7 Ne3 25. Bxb7 Re8 26. b5 Bf8 27. Ng5 Bc5
28. Ne4 Ng4+ 29. Kf1 Nh2+ 30. Ke2 f5 31. Bc6 Bb6 32. a4 Re5 33. a5 Bxa5 34. Rxa7
Bb6 35. Ra6 Bc5 36. b6 fxe4 37. b7 Bd6 38. Bd5+ 1-0

[Event "21st TCh-RUS 2014"]
[Site "Loo RUS"]
[Date "2014.04.12"]
[Round "6.6"]
[Board "1"]
[White "Potapov, Pavel"]
[Black "Chekhov, Sergei"]
[Result "1/2-1/2"]
[WhiteTitle "IM"]
[BlackTitle "IM"]
[WhiteElo "2475"]
[BlackElo "2477"]
[WhiteTeam "Yamal"]
[BlackTeam "Turbopump (Voronezh region)"]
[WhiteFideId "4169786"]
[BlackFideId "4195639"]
[EventDate "2014.04.07"]

1. e4 c5 2. c3 e6 3. d4 d5 4. e5 Ne7 5. Na3 Nec6 6. Nc2 b6 7. Nf3 Be7 8. Bd3 a5
9. a4 Ba6 10. O-O O-O 11. Bf4 Bxd3 12. Qxd3 Na6 13. Rfc1 c4 14. Qe2 Nc7 15. Ne3
Rb8 16. h3 b5 17. axb5 Rxb5 18. Ra2 Na8 19. Ng4 Nb6 20. Rc2 a4 21. Qe3 Rb3 22.
Qd2 a3 23. bxa3 Na4 24. Bg5 Rb1+ 25. Kh2 Bxg5 26. Nxg5 h5 27. Qf4 hxg4 28. Qxg4
Qd7 29. Qh5 Rfb8 30. Qh7+ Kf8 31. Qh8+ Ke7 32. Qxg7 Qe8 33. f4 Qg8 34. Qf6+ Kd7
35. f5 Ne7 36. Rf2 Nxc3 37. Rac2 Nb5 38. Nxf7 Nc7 39. Ng5 R1b6 40. fxe6+ Nxe6
41. Nxe6 Rxe6 42. Qf4 Rb3 43. a4 Qg6 44. a5 Qh6 45. Qg4 Qg6 46. Qf4 Qh6 47. Qg4
Qg6 1/2-1/2

[Event "21st TCh-RUS 2014"]
[Site "Loo RUS"]
[Date "2014.04.12"]
[Round "6.6"]
[Board "2"]
[White "Oparin, Grigoriy"]
[Black "Belyakov, Bogdan"]
[Result "0-1"]
[WhiteTitle "GM"]
[BlackTitle "IM"]
[WhiteElo "2542"]
[BlackElo "2444"]
[WhiteTeam "Turbopump (Voronezh region)"]
[BlackTeam "Yamal"]
[WhiteFideId "24125890"]
[BlackFideId "24104795"]
[EventDate "2014.04.07"]

1. e4 e5 2. Nf3 Nc6 3. Bc4 Nf6 4. d3 Bc5 5. O-O O-O 6. Re1 d6 7. c3 a6 8. Bb3
Ba7 9. h3 Ne7 10. Nh4 Kh8 11. Bg5 Ng6 12. d4 h6 13. Nxg6+ fxg6 14. Bh4 g5 15.
Bg3 Qe8 16. Na3 Nh5 17. Bh2 Nf4 18. Nc2 Qg6 19. Re3 g4 20. hxg4 Bxg4 21. Qf1 Bd7
22. Kh1 Bb5 23. Qg1 Bd3 24. Rae1 Bxc2 25. Bxc2 exd4 26. Rf3 d3 27. Bb1 Ne2 28.
Qf1 Rxf3 29. gxf3 Qh5 30. Qg2 Rf8 31. e5 dxe5 32. Rd1 e4 0-1

[Event "21st TCh-RUS 2014"]
[Site "Loo RUS"]
[Date "2014.04.12"]
[Round "6.6"]
[Board "3"]
[White "Goryachkina, Aleksandra"]
[Black "Sivuk, Vitaly"]
[Result "1-0"]
[WhiteTitle "WGM"]
[BlackTitle "IM"]
[WhiteElo "2423"]
[BlackElo "2519"]
[WhiteTeam "Yamal"]
[BlackTeam "Turbopump (Voronezh region)"]
[WhiteFideId "4147103"]
[BlackFideId "14116502"]
[EventDate "2014.04.07"]

1. d4 Nf6 2. c4 e6 3. g3 d5 4. Bg2 Bb4+ 5. Nd2 O-O 6. Nf3 dxc4 7. Qc2 a5 8. O-O
b5 9. a4 c6 10. Ne5 Ra6 11. e3 Nd5 12. Rd1 Bb7 13. Ne4 f6 14. Nf3 Nd7 15. Bd2
Qe7 16. Nc3 Bxc3 17. Bxc3 Rfa8 18. Be1 N7b6 19. Nd2 Nb4 20. Qb1 Nd3 21. Be4 Nxa4
22. Nxc4 Nxe1 23. Rxe1 Qb4 24. Qc2 h6 25. Rec1 R8a7 26. b3 Nb6 27. Nxb6 Rxb6 28.
Qc5 Rba6 29. Qh5 Qe7 30. Rc5 Ba8 31. Rac1 a4 32. bxa4 bxa4 33. Bd3 Rb6 34. Ra5
Rb8 35. Ra1 f5 36. Rxa7 Qxa7 37. Qg6 Qe7 38. Bc4 c5 39. Bxe6+ Kf8 40. Qxf5+ Ke8
41. d5 Rb4 42. Rd1 Qf6 43. Qh7 Qf8 44. Qd3 Qf3 45. Rf1 Ke7 46. h4 Rb6 47. Qc3
Rxe6 48. Qxc5+ Kf7 49. Qa7+ Kg6 50. Qxa8 Rxe3 51. Qxa4 Rd3 52. Qc2 Kh5 53. Qc7
Kg6 54. d6 Qd5 55. Qc2 Kf7 56. Rb1 Qxd6 57. Qc4+ Kf6 58. Qg4 Qd4 59. Qh3 Rd1+
60. Rxd1 Qxd1+ 61. Qf1 Qd4 62. Qa6+ Kf7 63. Qb7+ Kf6 64. Kg2 Qd6 65. Qf3+ Ke7
66. Qe4+ Kf7 67. Qe3 h5 68. Kf3 Qd1+ 69. Qe2 Qd5+ 70. Qe4 Qd7 71. Ke3 g6 72.
Qc4+ Kf8 73. Qf4+ Kg8 74. Qf6 Kh7 75. Kf4 Qd2+ 76. Ke4 Qc2+ 77. Kd5 Qc7 78. Ke6
Qc4+ 79. Ke7 Qc5+ 80. Ke8 Qb5+ 81. Kd8 Qd5+ 82. Ke7 Qc5+ 83. Kd7 Qb5+ 84. Kc7
Qc5+ 85. Kd7 Qb5+ 86. Ke7 Qb4+ 87. Kf7 Qb3+ 88. Kf8 Qb8+ 89. Ke7 Qb7+ 90. Ke8
Qb5+ 91. Kd8 Qd5+ 92. Kc7 Qc5+ 93. Kb7 Qb5+ 94. Qb6 Qd5+ 95. Qc6 Qb3+ 96. Kc7
Kh6 97. Qc5 Qf7+ 98. Kd8 Qf6+ 99. Ke8 Qe6+ 100. Qe7 Qc6+ 101. Kf7 Qc4+ 102. Qe6
Qc7+ 103. Kf8 Qc5+ 104. Kg8 Qxf2 105. Qc4 Qf6 106. Qf4+ Qxf4 107. gxf4 g5 108.
fxg5+ Kg6 109. Kh8 Kf5 110. Kh7 1-0

[Event "21st TCh-RUS 2014"]
[Site "Loo RUS"]
[Date "2014.04.12"]
[Round "6.6"]
[Board "4"]
[White "Bortnyk, Olexandr"]
[Black "Okara, Andrey"]
[Result "1-0"]
[WhiteTitle "IM"]
[BlackTitle "IM"]
[WhiteElo "2495"]
[BlackElo "2347"]
[WhiteTeam "Turbopump (Voronezh region)"]
[BlackTeam "Yamal"]
[WhiteFideId "14120828"]
[BlackFideId "4181360"]
[EventDate "2014.04.07"]

1. e4 e5 2. Nf3 Nc6 3. Bc4 Nf6 4. Ng5 d5 5. exd5 Na5 6. Bb5+ c6 7. dxc6 bxc6 8.
Bd3 Nd5 9. Nf3 Bd6 10. O-O O-O 11. Re1 Qc7 12. Bf1 Bg4 13. h3 Bh5 14. c4 Nf4 15.
d3 Ne6 16. Be2 Rad8 17. Nc3 Bxf3 18. Bxf3 f5 19. Bd2 e4 20. dxe4 Bf4 21. Bxf4
Nxf4 22. Qc2 Nxc4 23. exf5 Nd2 24. Re3 Nxf3+ 25. Rxf3 Qe5 26. Kh1 Rd4 27. Qb3+
Kh8 28. Qb7 Rd6 29. Qb4 Nd5 30. Qc5 Rdf6 31. Rd1 Rd8 32. Qxa7 Rxf5 33. Qd4 Qxd4
34. Rxd4 Rxf3 35. gxf3 Kg8 36. b4 Ra8 37. Nxd5 cxd5 38. Rxd5 Rxa2 39. Kg2 Rb2
40. Rb5 Kf7 41. Rb8 g5 42. b5 Rb4 43. b6 Kg6 44. h4 h6 45. hxg5 hxg5 46. b7 Kg7
47. Kf1 Rb2 48. Ke1 Rb3 49. Kd2 Rb6 50. Kc3 Rb1 51. Kc4 Rb2 52. Kd5 Rb1 53. Ke5
Rb3 54. Kf5 Rb5+ 55. Kg4 Kh7 56. f4 gxf4 57. Kxf4 Kg7 58. Ke4 1-0

[Event "21st TCh-RUS 2014"]
[Site "Loo RUS"]
[Date "2014.04.12"]
[Round "6.6"]
[Board "5"]
[White "Savitskiy, Sergey"]
[Black "Demidov, Mikhail"]
[Result "0-1"]
[WhiteTitle "FM"]
[BlackTitle "IM"]
[WhiteElo "2356"]
[BlackElo "2498"]
[WhiteTeam "Yamal"]
[BlackTeam "Turbopump (Voronezh region)"]
[WhiteFideId "24105660"]
[BlackFideId "4197143"]
[EventDate "2014.04.07"]

1. e4 e6 2. d4 d5 3. Nd2 Be7 4. e5 c5 5. c3 Nc6 6. Bd3 Bd7 7. Ne2 Qb6 8. Nf3
cxd4 9. cxd4 Bb4+ 10. Kf1 Na5 11. g3 Bb5 12. Kg2 Bxd3 13. Qxd3 Be7 14. b3 Nc6
15. a3 Qa6 16. Qxa6 bxa6 17. Bd2 Bd8 18. Rhc1 Nge7 19. Rc2 Bb6 20. b4 Kd7 21. g4
f6 22. a4 Rab8 23. Rac1 Rhc8 24. exf6 gxf6 25. g5 fxg5 26. b5 axb5 27. axb5 Nd8
28. Ne5+ Ke8 29. Bxg5 Rxc2 30. Rxc2 Rc8 31. Ra2 Nf5 32. Bxd8 Rxd8 33. Nc6 Rd7
34. Nf4 Nxd4 35. Nxd4 Bxd4 36. Nxe6 Bb6 37. Nf4 Ke7 38. Rd2 d4 39. Kf3 Kd6 40.
Ke4 Re7+ 41. Kd3 Kc5 42. Rc2+ Kxb5 43. Nd5 Re1 44. Nxb6 Rd1+ 45. Ke4 axb6 46. f4
d3 47. Rc3 d2 48. Kd3 Rc1 49. Kxd2 Rxc3 50. Kxc3 Kc5 51. Kd3 Kd5 52. Ke3 h5 0-1

[Event "21st TCh-RUS 2014"]
[Site "Loo RUS"]
[Date "2014.04.12"]
[Round "6.6"]
[Board "6"]
[White "Kostin, Alexey"]
[Black "Rozhkov, Vecheslav"]
[Result "1-0"]
[WhiteTitle "IM"]
[WhiteElo "2283"]
[BlackElo "2337"]
[WhiteTeam "Turbopump (Voronezh region)"]
[BlackTeam "Yamal"]
[WhiteFideId "4120736"]
[BlackFideId "4181484"]
[EventDate "2014.04.07"]

1. e4 c5 2. Nf3 d6 3. d4 cxd4 4. Nxd4 Nf6 5. Nc3 Nc6 6. Bc4 Bd7 7. Bb3 Rc8 8.
Be3 g6 9. f3 Bg7 10. Qd2 a6 11. O-O-O h5 12. Kb1 Ne5 13. Bg5 Nc4 14. Qe2 b5 15.
Nd5 O-O 16. Nxf6+ exf6 17. Bf4 Qb6 18. Bxc4 bxc4 19. c3 f5 20. exf5 Bxd4 21.
Rxd4 Bxf5+ 22. Ka1 Rfe8 23. Qd2 Bd3 24. Re1 Rb8 25. b4 Qb5 26. Bxd6 Rbc8 27. Bc5
a5 28. Rd5 axb4 29. cxb4 Ra8 30. Rxe8+ Rxe8 31. Qc3 Qa4 32. Bb6 Kh7 33. Rd8 Qd1+
34. Kb2 Qe2+ 35. Ka3 Rxd8 36. Bxd8 Bb1 37. b5 Qe8 38. Qxc4 Qxd8 39. Qxf7+ Kh6
40. Qb3 Qa5+ 41. Kb2 Bf5 42. a4 Qd2+ 43. Ka3 Qxg2 44. Qe3+ Kh7 45. b6 Qxh2 46.
Qe7+ Kg8 47. Qd8+ Kh7 48. b7 Qc2 49. Qe7+ Kh6 50. Qe3+ g5 1-0

[Event "21st TCh-RUS 2014"]
[Site "Loo RUS"]
[Date "2014.04.13"]
[Round "7.1"]
[Board "1"]
[White "Nepomniachtchi, Ian"]
[Black "Svidler, Peter"]
[Result "1/2-1/2"]
[WhiteTitle "GM"]
[BlackTitle "GM"]
[WhiteElo "2732"]
[BlackElo "2756"]
[WhiteTeam "SHSM our inheritance (Moscow)"]
[BlackTeam "St. Petersburg"]
[WhiteFideId "4168119"]
[BlackFideId "4102142"]
[EventDate "2014.04.07"]

1. e4 e5 2. Nf3 Nc6 3. d4 exd4 4. Nxd4 Nf6 5. Nxc6 bxc6 6. e5 Qe7 7. Qe2 Nd5 8.
c4 Nb6 9. Nc3 Ba6 10. Qe4 g6 11. Bf4 Qb4 12. e6 Qxb2 13. exd7+ Kxd7 14. Qd4+ Nd5
15. cxd5 Qxa1+ 16. Kd2 Bxf1 17. dxc6+ Kxc6 18. Qd5+ Kb6 19. Na4+ Ka6 20. Qc6+
Ka5 21. Bxc7+ Kb4 22. Qe4+ Ka3 23. Qf3+ Kxa2 24. Nc3+ Ka3 25. Na2+ Ka4 26. Qc6+
Ka3 27. Qf3+ Ka4 28. Qc6+ Ka3 29. Qf3+ 1/2-1/2

[Event "21st TCh-RUS 2014"]
[Site "Loo RUS"]
[Date "2014.04.13"]
[Round "7.1"]
[Board "4"]
[White "Matlakov, Maxim"]
[Black "Grachev, Boris"]
[Result "1/2-1/2"]
[WhiteTitle "GM"]
[BlackTitle "GM"]
[WhiteElo "2690"]
[BlackElo "2659"]
[WhiteTeam "St. Petersburg"]
[BlackTeam "SHSM our inheritance (Moscow)"]
[WhiteFideId "4168003"]
[BlackFideId "4129199"]
[EventDate "2014.04.07"]

1. d4 Nf6 2. c4 e6 3. Nc3 Bb4 4. Qc2 O-O 5. a3 Bxc3+ 6. Qxc3 d5 7. Nf3 dxc4 8.
Qxc4 b6 9. Bg5 Ba6 10. Qa4 Qd7 11. Qc2 c5 12. dxc5 Rc8 13. Bxf6 gxf6 14. Qe4 Qb5
15. b4 bxc5 16. e3 Qb7 17. Qg4+ Kf8 18. b5 Bxb5 19. Rb1 a6 20. a4 f5 21. Qf4 Qe4
22. Qxe4 fxe4 23. axb5 exf3 24. b6 Rd8 25. gxf3 Nc6 26. Bg2 Rab8 27. f4 Nb4 28.
b7 Nd5 29. O-O Rd7 30. Rfc1 Rdxb7 31. Rxb7 Rxb7 32. Bxd5 exd5 33. Rxc5 d4 34.
exd4 Rb4 35. Ra5 Rxd4 36. Rxa6 Rxf4 37. h3 Kg7 38. Kg2 Rc4 39. Ra3 Rc6 40. Re3
h6 41. h4 1/2-1/2

[Event "21st TCh-RUS 2014"]
[Site "Loo RUS"]
[Date "2014.04.13"]
[Round "7.1"]
[Board "5"]
[White "Najer, Evgeniy"]
[Black "Khairullin, Ildar"]
[Result "1/2-1/2"]
[WhiteTitle "GM"]
[BlackTitle "GM"]
[WhiteElo "2655"]
[BlackElo "2650"]
[WhiteTeam "SHSM our inheritance (Moscow)"]
[BlackTeam "St. Petersburg"]
[WhiteFideId "4118987"]
[BlackFideId "4151348"]
[EventDate "2014.04.07"]

1. e4 c6 2. d4 d5 3. e5 c5 4. Nf3 Bg4 5. c4 cxd4 6. cxd5 Qxd5 7. Nc3 Bxf3 8.
Nxd5 Bxd1 9. Nc7+ Kd7 10. Nxa8 Bc2 11. Bd2 Nc6 12. Rc1 d3 13. h4 e6 14. Rh3 Nge7
15. Bxd3 Bxd3 16. Rxd3+ Nd5 17. b4 b5 18. a4 bxa4 19. b5 Nxe5 20. Rc7+ Kd8 21.
Rxd5+ exd5 22. Rxa7 Nc4 23. Nb6 Nxb6 24. Ba5 Kc8 25. Bxb6 Bb4+ 26. Kd1 a3 27.
Ra8+ Kb7 28. Rxh8 Bc3 29. Ba5 Bf6 30. Rf8 a2 31. Rxf7+ Kb8 32. Rf8+ Kb7 33. Rf7+
Kb8 34. Rf8+ Kb7 1/2-1/2